[Event "XV C.to Italiano U20"]
[Site "Fiuggi ITA"]
[Date "2007.07.23"]
[Round "6"]
[White "Bosi, Clint"]
[Black "Lombardo, Michele"]
[Result "0-1"]
[WhiteElo "2080"]
[BlackElo "2002"]
[PlyCount "140"]
[EventDate "2007.07.18"]

1. e4 g6 2. d4 Bg7 3. c4 c5 4. d5 d6 5. Nc3 Nf6 6. f3 Na6 7. Be3 Nc7 8. Qd2 h5
9. Bd3 a6 10. Nge2 Bd7 11. O-O-O b5 12. h3 bxc4 13. Bxc4 Rb8 14. Rhf1 Nb5 15.
f4 Nxc3 16. Qxc3 Bb5 17. Rd2 Bxc4 18. Qxc4 Rb4 19. Qxa6 Nxe4 20. Qc6+ Qd7 21.
Qa8+ Qd8 22. Qxd8+ Kxd8 23. Rc2 Kd7 24. Nc3 Nxc3 25. bxc3 Rc4 26. Kd2 Ra8 27.
f5 Ra3 28. fxg6 fxg6 29. Bg5 Rcxc3 30. Rf7 Rxc2+ 31. Kxc2 Be5 32. Rxe7+ Kc8 33.
h4 Rxa2+ 34. Kd3 Rxg2 35. Re8+ Kc7 36. Re7+ Kb6 37. Re6 Rg4 38. Rxg6 Rd4+ 39.
Ke2 Rxd5 40. Rh6 Kc6 41. Rh7 Bb2 42. Bd8 Rf5 43. Kd3 Kd5 44. Kc2 Be5 45. Rh6
Kc4 46. Be7 d5 47. Re6 Bd4 48. Bg5 Bf2 49. Ra6 d4 50. Ra4+ Kd5 51. Ra8 c4 52.
Rd8+ Ke4 53. Rc8 c3 54. Re8+ Re5 55. Rf8 Be3 56. Rg8 Rc5 57. Re8+ Kf3 58. Bxe3
dxe3 59. Rf8+ Ke2 60. Rf7 Rc4 61. Re7 Kf3 62. Rf7+ Rf4 63. Re7 e2 64. Kd3 Rd4+
65. Kxd4 c2 66. Rf7+ Kg3 67. Rg7+ Kf3 68. Rf7+ Kg2 69. Rg7+ Kf1 70. Rf7+ Ke1
0-1

[Event "XV C.to Italiano U20"]
[Site "Fiuggi ITA"]
[Date "2007.07.23"]
[Round "6"]
[White "Cantoro, Daniele"]
[Black "Campese, Andrea"]
[Result "1/2-1/2"]
[WhiteElo "1876"]
[BlackElo "1817"]
[PlyCount "125"]
[EventDate "2007.07.18"]

1. e4 b6 2. d4 Bb7 3. Bd3 e6 4. Nf3 c5 5. c3 Nc6 6. a3 Nf6 7. Qe2 Na5 8. Nbd2
c4 9. Bc2 Rc8 10. e5 Ng8 11. Ne4 Bxe4 12. Qxe4 Ne7 13. Ng5 h6 14. Nh7 Ng6 15.
Nxf8 Kxf8 16. h4 Ne7 17. h5 Nd5 18. f4 f5 19. Qf3 Ne7 20. Bd2 Qe8 21. g4 Qf7
22. Ke2 Nb3 23. Bxb3 cxb3 24. g5 Nc6 25. gxh6 Rxh6 26. Rag1 Ke7 27. Rg5 Rch8
28. Rhg1 R8h7 29. Rh1 Kd8 30. Qh3 Kc7 31. Be3 Na5 32. Qf3 Rh8 33. Rh3 Nc6 34.
Kd3 Ne7 35. Qd1 Kb7 36. Rhg3 R8h7 37. Rh3 Nc6 38. Qxb3 Rxh5 39. Rhxh5 Rxh5 40.
d5 Na5 41. Qb5 Rxg5 42. dxe6 dxe6 43. fxg5 Nc6 44. Bf4 Qd7+ 45. Ke3 Qd1 46. Qd3
Qxd3+ 47. Kxd3 Ne7 48. Bg3 Kc6 49. Kd4 Kb5 50. b3 Nc6+ 51. Kd3 Ne7 52. c4+ Kc6
53. Kd4 a6 54. Be1 g6 55. Bb4 Nc8 56. a4 Na7 57. Bd2 Kb7 58. Bc3 Nc6+ 59. Kd3
Nb8 60. b4 Nd7 61. Bd4 Kc6 62. b5+ Kb7 63. Ke3 1/2-1/2

[Event "XV C.to Italiano U20"]
[Site "Fiuggi ITA"]
[Date "2007.07.23"]
[Round "6"]
[White "Cantu', Guido"]
[Black "Stella, Andrea"]
[Result "1/2-1/2"]
[WhiteElo "1854"]
[BlackElo "2132"]
[PlyCount "33"]
[EventDate "2007.07.18"]

1. e4 e6 2. d4 d5 3. Nc3 Bb4 4. e5 c5 5. a3 Bxc3+ 6. bxc3 Qa5 7. Bd2 Qa4 8. Qg4
g6 9. Bd3 c4 10. Be2 Qxc2 11. Nf3 Nc6 12. O-O Bd7 13. Bd1 Qf5 14. Qh4 h5 15. h3
Na5 16. Rc1 Qe4 17. Qxe4 1/2-1/2

[Event "XV C.to Italiano U20"]
[Site "Fiuggi ITA"]
[Date "2007.07.23"]
[Round "6"]
[White "Dini, Andrea"]
[Black "Cinque, Antonio"]
[Result "1/2-1/2"]
[WhiteElo "1949"]
[BlackElo "1653"]
[PlyCount "73"]
[EventDate "2007.07.18"]

1. d4 d5 2. c4 e6 3. Nc3 Nf6 4. cxd5 exd5 5. Bg5 Be7 6. Qc2 Nbd7 7. e3 c6 8.
Bd3 O-O 9. Nf3 Re8 10. O-O g6 11. Rab1 Nh5 12. Bxe7 Qxe7 13. b4 a6 14. a4 Nb6
15. Ne5 Ng7 16. b5 axb5 17. axb5 c5 18. Qb2 c4 19. Bc2 Bf5 20. e4 dxe4 21. Qb4
Qxb4 22. Rxb4 Red8 23. Nxe4 Kf8 24. g4 Bxe4 25. Bxe4 Rxd4 26. Bxb7 Re8 27. f4
f6 28. Nc6 Rd2 29. Rf2 c3 30. Rb1 Ree2 31. Rxe2 Rxe2 32. Rc1 Na4 33. Ba6 Rb2
34. Nd4 Ke7 35. Ra1 Nb6 36. Rc1 Na4 37. Ra1 1/2-1/2

[Event "XV C.to Italiano U20"]
[Site "Fiuggi ITA"]
[Date "2007.07.23"]
[Round "6"]
[White "Dvirnyy, Danyyil"]
[Black "Fossati, Remigio"]
[Result "1-0"]
[WhiteElo "2365"]
[BlackElo "2195"]
[PlyCount "51"]
[EventDate "2007.07.18"]

1. e4 c5 2. Nf3 e6 3. d4 cxd4 4. Nxd4 Nf6 5. Nc3 d6 6. Bc4 a6 7. Bb3 b5 8. Bg5
Be7 9. Qf3 Qb6 10. O-O-O O-O 11. Rhe1 Bd7 12. Be3 Qc7 13. e5 dxe5 14. Nxe6 Bxe6
15. Qxa8 Bxb3 16. axb3 Bb4 17. Re2 Bxc3 18. bxc3 Qxc3 19. Kb1 a5 20. Rd3 Qb4
21. Bd2 Qc5 22. Qxa5 Nc6 23. Qc3 Qb6 24. Rd6 Rc8 25. Qxe5 Qc7 26. Qc5 1-0

[Event "XV C.to Italiano U20"]
[Site "Fiuggi ITA"]
[Date "2007.07.23"]
[Round "6"]
[White "Frilli, Guido"]
[Black "Sellitti, Federico"]
[Result "1-0"]
[WhiteElo "2168"]
[BlackElo "2171"]
[PlyCount "33"]
[EventDate "2007.07.18"]

1. e4 d5 2. exd5 Qxd5 3. Nc3 Qa5 4. Bc4 Nf6 5. d3 c6 6. Bd2 Qc7 7. Qe2 e6 8. f4
Be7 9. Nf3 O-O 10. Ne5 Nd5 11. Bb3 Nd7 12. O-O b6 13. Rae1 Bb7 14. Kh1 Bd6 15.
Rf3 c5 16. Nb5 Nxf4 17. Rxf4 1-0

[Event "XV C.to Italiano U20"]
[Site "Fiuggi ITA"]
[Date "2007.07.23"]
[Round "6"]
[White "Locci, Damiano"]
[Black "Lettieri, Giuseppe"]
[Result "0-1"]
[WhiteElo "2025"]
[BlackElo "2293"]
[PlyCount "84"]
[EventDate "2007.07.18"]

1. Nf3 Nf6 2. d4 g6 3. c4 Bg7 4. Nc3 d5 5. e3 O-O 6. Be2 c5 7. O-O cxd4 8. exd4
Nc6 9. h3 dxc4 10. Bxc4 Bf5 11. a3 Rc8 12. Re1 Ne8 13. Be3 Nd6 14. Ba2 Na5 15.
Bg5 Bf6 16. Bxf6 exf6 17. Nd5 Be4 18. b4 Nac4 19. Nc3 f5 20. Nd2 Nxd2 21. Qxd2
Qf6 22. b5 b6 23. f3 Bb7 24. Rac1 Rfd8 25. a4 Nc4 26. Bxc4 Rxc4 27. Ne2 Rxa4
28. Rc7 Bd5 29. Qc3 Qd6 30. Rc8 Rxc8 31. Qxc8+ Kg7 32. Rc1 Ra2 33. Nc3 Be6 34.
Nxa2 Qxd4+ 35. Kh1 Bxc8 36. Rxc8 Qa1+ 37. Nc1 Qb1 38. Kh2 Qxb5 39. Rc2 a5 40.
Ne2 Qd3 41. Rb2 b5 42. g3 a4 0-1

[Event "XV C.to Italiano U20"]
[Site "Fiuggi ITA"]
[Date "2007.07.23"]
[Round "6"]
[White "Navarro, Stefano"]
[Black "Rombaldoni, Denis"]
[Result "0-1"]
[WhiteElo "2242"]
[BlackElo "2383"]
[PlyCount "60"]
[EventDate "2007.07.18"]

1. e4 c5 2. Nf3 e6 3. d3 Nc6 4. g3 g6 5. Bg2 Bg7 6. O-O Nge7 7. c3 e5 8. h3 O-O
9. Nh2 Kh8 10. f4 d5 11. Nd2 f5 12. exd5 Nxd5 13. Nc4 exf4 14. gxf4 Be6 15. Nf3
Qc7 16. Nce5 Rad8 17. Re1 Bg8 18. Nxc6 Qxc6 19. Ne5 Qd6 20. Bd2 b6 21. Qe2 Nc7
22. c4 Ne6 23. Qf2 g5 24. Bd5 Nxf4 25. Bxf4 gxf4 26. Qxf4 Bxd5 27. cxd5 Qxd5
28. Re3 Rfe8 29. Rae1 Bxe5 30. Rxe5 Rg8+ 0-1

[Event "XV C.to Italiano U20"]
[Site "Fiuggi ITA"]
[Date "2007.07.23"]
[Round "6"]
[White "Romano, Zeno"]
[Black "Gorgoglione, Enrico"]
[Result "1-0"]
[WhiteElo "1866"]
[BlackElo "1748"]
[PlyCount "77"]
[EventDate "2007.07.18"]

1. e4 e5 2. Nf3 Nf6 3. Nxe5 d6 4. Nf3 Nxe4 5. d4 d5 6. Nbd2 Bf5 7. Be2 Bd6 8.
O-O O-O 9. c3 c6 10. Re1 Qc7 11. Nf1 h6 12. Ng3 Bh7 13. Bd3 f5 14. Ne5 Bxe5 15.
dxe5 Qb6 16. Qc2 Nd7 17. Be3 Qc7 18. f3 Nxg3 19. hxg3 Nxe5 20. Bf4 Rae8 21. c4
d4 22. Qe2 Nxd3 23. Bxc7 Rxe2 24. Rxe2 Rc8 25. Bf4 g5 26. Rd1 Nb4 27. a3 Na6
28. Bd6 c5 29. f4 Bg6 30. Re7 Rc6 31. Be5 Bf7 32. Rxb7 Bxc4 33. b4 Be2 34. Rd2
d3 35. b5 Re6 36. bxa6 Rxa6 37. Rdb2 Rxa3 38. Rc7 Ra1+ 39. Kh2 1-0

[Event "XV C.to Italiano U20"]
[Site "Fiuggi ITA"]
[Date "2007.07.23"]
[Round "6"]
[White "Rombaldoni, Axel"]
[Black "Pomaro, Alberto"]
[Result "1-0"]
[WhiteElo "2269"]
[BlackElo "2149"]
[PlyCount "37"]
[EventDate "2007.07.18"]

1. e4 c6 2. d4 d5 3. e5 Bf5 4. c3 e6 5. Be3 Nd7 6. Qb3 Qb6 7. Nd2 f6 8. f4 Ne7
9. Ngf3 Bg6 10. Bf2 Nf5 11. g4 Nh6 12. Rg1 Nf7 13. f5 exf5 14. e6 fxg4 15.
exd7+ Kxd7 16. Qxb6 axb6 17. Rxg4 Bf5 18. Rg1 Bc2 19. Bh3+ 1-0

[Event "XV C.to Italiano U20"]
[Site "Fiuggi ITA"]
[Date "2007.07.23"]
[Round "6"]
[White "Ronchetti, Niccolo'"]
[Black "Brunello, Sabino"]
[Result "1/2-1/2"]
[WhiteElo "2410"]
[BlackElo "2475"]
[PlyCount "61"]
[EventDate "2007.07.18"]

1. e4 e5 2. Nf3 Nc6 3. Bb5 a6 4. Ba4 Nf6 5. O-O Be7 6. Re1 b5 7. Bb3 O-O 8. d4
d6 9. c3 Bg4 10. Be3 exd4 11. cxd4 d5 12. e5 Ne4 13. h3 Bh5 14. Nc3 Nxc3 15.
bxc3 Na5 16. Bc2 Nc4 17. g4 Bg6 18. Bf5 a5 19. Bf4 b4 20. h4 Bxf5 21. gxf5 Qc8
22. Qd3 f6 23. exf6 Bxf6 24. Re6 bxc3 25. Rae1 Qd7 26. Qxc3 Qf7 27. Qd3 Rad8
28. Kg2 Qh5 29. Bxc7 Qg4+ 30. Bg3 Kh8 31. R1e2 1/2-1/2

[Event "XV C.to Italiano U20"]
[Site "Fiuggi ITA"]
[Date "2007.07.23"]
[Round "6"]
[White "Santagati, Alessandro"]
[Black "Pesce, Gabriele"]
[Result "1-0"]
[WhiteElo "2141"]
[BlackElo "2000"]
[PlyCount "133"]
[EventDate "2007.07.18"]

1. d4 f5 2. Bg5 g6 3. h4 Bg7 4. c3 d6 5. h5 h6 6. Bd2 g5 7. Qb3 Nf6 8. Na3 Nc6
9. O-O-O Ne4 10. Be1 e6 11. f3 Nf6 12. e4 f4 13. g3 Qe7 14. gxf4 gxf4 15. Ne2
e5 16. Bh3 Bxh3 17. Rxh3 O-O-O 18. d5 Nb8 19. Nb5 b6 20. Nxa7+ Kb7 21. Qa4 Qe8
22. Nb5 Na6 23. Qxa6+ Kxa6 24. Nxc7+ Kb7 25. Nxe8 Rdxe8 26. Bf2 Nh7 27. Rhh1
Bf6 28. Rd3 Rhg8 29. Kd2 Rg2 30. Ke1 Reg8 31. c4 Nf8 32. Nc3 Nd7 33. Nb5 Be7
34. Ra3 Nc5 35. Kf1 Na6 36. Rc3 Nc5 37. a3 Na4 38. Rc2 R8g7 39. Rg1 Rxg1+ 40.
Bxg1 Rg3 41. Rf2 Kc8 42. Na7+ Kd7 43. Nc6 Bh4 44. b4 Rh3 45. Rh2 Rxf3+ 46. Ke2
Rg3 47. Bf2 Nc3+ 48. Kf1 Nxe4 49. Rxh4 Rxa3 50. Bxb6 Nd2+ 51. Ke2 Nxc4 52. Ba7
Ra2+ 53. Kd3 Nd2 54. Rg4 e4+ 55. Kc3 e3 56. Rxf4 e2 57. Rf7+ Kc8 58. Bb6 Ra3+
59. Kxd2 e1=Q+ 60. Kxe1 Re3+ 61. Kf2 Re2+ 62. Kg3 Rg2+ 63. Kf4 Rf2+ 64. Ke4
Re2+ 65. Kf5 Rf2+ 66. Ke6 Re2+ 67. Ne5 1-0

[Event "XV C.to Italiano U20"]
[Site "Fiuggi ITA"]
[Date "2007.07.23"]
[Round "6"]
[White "Valsecchi, Alessio"]
[Black "Maggi, Fabrizio"]
[Result "1-0"]
[WhiteElo "2175"]
[BlackElo "1895"]
[PlyCount "67"]
[EventDate "2007.07.18"]

1. e4 e6 2. d4 d5 3. Nc3 Bb4 4. a3 Bxc3+ 5. bxc3 dxe4 6. Qg4 Nf6 7. Qxg7 Rg8 8.
Qh6 Nbd7 9. a4 Rg6 10. Qd2 b6 11. a5 Bb7 12. Bb2 Ng4 13. O-O-O Qg5 14. Qxg5
Rxg5 15. a6 Bc6 16. Nh3 Rf5 17. Rd2 O-O-O 18. c4 Rg8 19. f3 exf3 20. gxf3 Bxf3
21. Rg1 Rd8 22. Bd3 Rh5 23. Rg3 Ba8 24. d5 Nge5 25. Nf4 Rh6 26. dxe6 fxe6 27.
Bf1 Rf8 28. Bxe5 Nxe5 29. Bh3 Rxh3 30. Nxh3 Nxc4 31. Rf2 Rd8 32. Rg7 Be4 33.
Rff7 b5 34. Ng5 1-0

[Event "XV C.to Italiano U20"]
[Site "Fiuggi ITA"]
[Date "2007.07.24"]
[Round "7"]
[White "Bellemo, Davide"]
[Black "Basile, Luca"]
[Result "1-0"]
[WhiteElo "2067"]
[BlackElo "1781"]
[PlyCount "65"]
[EventDate "2007.07.18"]

1. d4 e5 2. d5 c5 3. c4 g6 4. Nc3 d6 5. g3 f5 6. e4 Bg7 7. Bg2 Nf6 8. Nge2 O-O
9. O-O Nbd7 10. f4 fxe4 11. Nxe4 Nb6 12. Qc2 Qe7 13. fxe5 Nxe4 14. Rxf8+ Qxf8
15. Bxe4 Bxe5 16. Be3 Bd7 17. Rf1 Qe7 18. Bh6 Re8 19. b3 Bg7 20. Bxg7 Qxg7 21.
Bd3 Bg4 22. Rf4 Bxe2 23. Bxe2 Qe5 24. Bg4 Re7 25. Be6+ Kg7 26. Qf2 Qa1+ 27. Kg2
Qe5 28. Rf8 Qe4+ 29. Kh3 Qe5 30. Rg8+ Kh6 31. g4 Qc3+ 32. Kg2 g5 33. Qf8+ 1-0

[Event "XV C.to Italiano U20"]
[Site "Fiuggi ITA"]
[Date "2007.07.24"]
[Round "7"]
[White "Brunello, Sabino"]
[Black "Navarro, Stefano"]
[Result "1-0"]
[WhiteElo "2475"]
[BlackElo "2242"]
[PlyCount "129"]
[EventDate "2007.07.18"]

1. e4 e5 2. Nf3 Nc6 3. d4 exd4 4. Nxd4 Nf6 5. Nc3 Bb4 6. Nxc6 bxc6 7. Bd3 d5 8.
exd5 cxd5 9. O-O O-O 10. Bg5 c6 11. Na4 Be7 12. Re1 Re8 13. c3 Be6 14. Bc2 Nd7
15. Be3 Bd6 16. Qh5 g6 17. Qh6 Bf8 18. Qf4 Qf6 19. Qg3 Be7 20. Rad1 Qh4 21. Qc7
Rec8 22. Qg3 Qxg3 23. hxg3 Bf8 24. Bb3 Rd8 25. f3 h5 26. Rd2 a6 27. Bc2 Re8 28.
Kf2 Bg7 29. Red1 Rab8 30. Bd3 a5 31. Bf1 Bf8 32. b3 Rbd8 33. Ba6 Nb8 34. Bf1
Nd7 35. Bf4 Ra8 36. c4 Bb4 37. cxd5 Bxd5 38. Rc2 Nf8 39. Nb6 Ra7 40. Nxd5 cxd5
41. Rxd5 Ne6 42. Be5 Raa8 43. Rd1 Rad8 44. Rxd8 Rxd8 45. Bf6 Re8 46. Ba6 Bc5+
47. Kf1 Bd6 48. Rc8 Rxc8 49. Bxc8 Bxg3 50. Bxe6 fxe6 51. Bd8 Kf7 52. Bxa5 Ke7
53. Bb4+ Kd7 54. Ke2 Kc6 55. a4 Bc7 56. Bd2 Kc5 57. Kd3 Bd6 58. b4+ Kb6 59. Kc4
Be7 60. a5+ Kc6 61. b5+ Kb7 62. a6+ Kc7 63. Bf4+ Kb6 64. Be3+ Kc7 65. b6+ 1-0

[Event "XV C.to Italiano U20"]
[Site "Fiuggi ITA"]
[Date "2007.07.24"]
[Round "7"]
[White "Campese, Andrea"]
[Black "Dini, Andrea"]
[Result "1/2-1/2"]
[WhiteElo "1817"]
[BlackElo "1949"]
[PlyCount "58"]
[EventDate "2007.07.18"]

1. b3 d5 2. Bb2 c5 3. e3 Nc6 4. Nf3 Bf5 5. Be2 e6 6. O-O h6 7. a3 Nf6 8. d4 Be7
9. c4 O-O 10. Nbd2 Ne4 11. Nxe4 dxe4 12. Ne5 Qc7 13. Nxc6 Qxc6 14. dxc5 Bxc5
15. b4 Be7 16. Qc2 Rfd8 17. Rfd1 Rac8 18. Rxd8+ Rxd8 19. Rd1 f6 20. Rxd8+ Bxd8
21. c5 Be7 22. Qd1 e5 23. Bc4+ Be6 24. Qb3 Bxc4 25. Qxc4+ Kf8 26. Qb3 Qb5 27.
Qc2 a5 28. Qxe4 axb4 29. axb4 Bxc5 1/2-1/2

[Event "XV C.to Italiano U20"]
[Site "Fiuggi ITA"]
[Date "2007.07.24"]
[Round "7"]
[White "Cinque, Antonio"]
[Black "Albertini, Luca"]
[Result "1/2-1/2"]
[WhiteElo "1653"]
[BlackElo "1697"]
[PlyCount "54"]
[EventDate "2007.07.18"]

1. g3 e5 2. Bg2 d5 3. d4 e4 4. c4 c6 5. Nc3 Be6 6. cxd5 cxd5 7. Nh3 Ne7 8. Nf4
Qd7 9. e3 b6 10. f3 f5 11. fxe4 fxe4 12. Qh5+ Bf7 13. Qe2 g6 14. O-O Bg7 15.
Bh3 Qc6 16. Bd2 a6 17. Rac1 Qd6 18. b4 O-O 19. b5 a5 20. Qd1 Nf5 21. Bxf5 gxf5
22. Qb3 Rd8 23. Nce2 Bf8 24. a4 Rd7 25. Rc2 Rc7 26. Rxc7 Qxc7 27. Rc1 Qd7
1/2-1/2

[Event "XV C.to Italiano U20"]
[Site "Fiuggi ITA"]
[Date "2007.07.24"]
[Round "7"]
[White "Gorgoglione, Enrico"]
[Black "Bosi, Clint"]
[Result "1-0"]
[WhiteElo "1748"]
[BlackElo "2080"]
[PlyCount "113"]
[EventDate "2007.07.18"]

1. d4 d5 2. c4 e5 3. dxe5 d4 4. Nf3 Nc6 5. h3 f6 6. exf6 Nxf6 7. Bf4 Bf5 8. a3
Bd6 9. Bxd6 Qxd6 10. Nbd2 O-O-O 11. g4 Bg6 12. Nh4 Be4 13. Nxe4 Nxe4 14. Nf5
Qf4 15. f3 g6 16. fxe4 gxf5 17. Qd2 Qg3+ 18. Kd1 fxe4 19. Kc1 Rhf8 20. Kb1 Rf2
21. Ka2 e3 22. Qd3 Ne5 23. Qxh7 d3 24. Rd1 dxe2 25. Rxd8+ Kxd8 26. Bxe2 Rxe2
27. Qg8+ Ke7 28. Qg5+ Kd6 29. Qf6+ Kc5 30. Qe7+ Kb6 31. Qb4+ Kc6 32. Qb5+ Kd6
33. c5+ Ke6 34. Qxe2 Qf3 35. Re1 Qd5+ 36. Ka1 Nc4 37. Qc2 Kd7 38. Qf5+ Qxf5 39.
gxf5 Ke7 40. b3 Nxa3 41. Rxe3+ Kf6 42. Kb2 Nb5 43. Rf3 c6 44. Rf4 Nc7 45. h4
Nd5 46. Rf3 Ne7 47. h5 Ng8 48. Rg3 Ne7 49. Rg6+ Kxf5 50. Rg7 Kf6 51. h6 Nf5 52.
Rxb7 Nxh6 53. Rc7 Ng4 54. Rxc6+ Ke7 55. Ra6 Ne5 56. Rxa7+ Kd8 57. b4 1-0

[Event "XV C.to Italiano U20"]
[Site "Fiuggi ITA"]
[Date "2007.07.24"]
[Round "7"]
[White "Lettieri, Giuseppe"]
[Black "Rombaldoni, Axel"]
[Result "1/2-1/2"]
[WhiteElo "2293"]
[BlackElo "2269"]
[PlyCount "81"]
[EventDate "2007.07.18"]

1. e4 c5 2. Nf3 d6 3. c3 Nf6 4. Be2 Bd7 5. d3 Nc6 6. O-O g6 7. Nbd2 Bg7 8. d4
cxd4 9. cxd4 d5 10. e5 Ne4 11. Qb3 e6 12. Bd3 Nxd2 13. Bxd2 Qb6 14. Qxb6 axb6
15. Rfc1 f6 16. exf6 Bxf6 17. Bc3 O-O 18. Re1 Be7 19. a3 Rf4 20. Re3 Raf8 21.
Be2 g5 22. g3 R4f7 23. Rf1 Bf6 24. Rd3 Be8 25. Ne1 Re7 26. f4 Bg6 27. Rd1 gxf4
28. Rxf4 Bg5 29. Rxf8+ Kxf8 30. Ng2 Rf7 31. Bd3 Bh5 32. Re1 Bg4 33. h4 Bf6 34.
Ne3 Bxd4 35. Bxd4 Nxd4 36. Nxg4 Nf3+ 37. Kf2 Ne5+ 38. Kg2 Nxg4 39. Rxe6 Rf2+
40. Kg1 Rf3 41. Be2 1/2-1/2

[Event "XV C.to Italiano U20"]
[Site "Fiuggi ITA"]
[Date "2007.07.24"]
[Round "7"]
[White "Lombardo, Michele"]
[Black "Coladangelo, Andrea"]
[Result "1-0"]
[WhiteElo "2002"]
[BlackElo "1783"]
[PlyCount "67"]
[EventDate "2007.07.18"]

1. e4 c5 2. Nc3 Nc6 3. g3 g6 4. Bg2 Bg7 5. d3 d6 6. Be3 e6 7. Qd2 Nd4 8. Nge2
Bd7 9. Nd1 Nxe2 10. Qxe2 Ne7 11. Qd2 Nc6 12. c3 Ne5 13. f4 Ng4 14. Bg1 O-O 15.
h3 Nf6 16. g4 Bc6 17. Bf2 Nd7 18. Ne3 f5 19. exf5 Bxg2 20. Nxg2 exf5 21. O-O-O
b5 22. Nh4 b4 23. c4 Nb6 24. gxf5 Na4 25. fxg6 Bxb2+ 26. Kb1 Qf6 27. gxh7+ Kxh7
28. d4 Nc3+ 29. Kxb2 Nxd1+ 30. Qxd1 Rfe8 31. Qd3+ Kg7 32. Rg1+ Kf7 33. Qh7+ Ke6
34. f5+ 1-0

[Event "XV C.to Italiano U20"]
[Site "Fiuggi ITA"]
[Date "2007.07.24"]
[Round "7"]
[White "Maggi, Fabrizio"]
[Black "Locci, Damiano"]
[Result "0-1"]
[WhiteElo "1895"]
[BlackElo "2025"]
[PlyCount "54"]
[EventDate "2007.07.18"]

1. c4 e6 2. Nc3 d5 3. d4 Nf6 4. Bg5 c6 5. e4 dxe4 6. Nxe4 Be7 7. Nc3 Nbd7 8.
Nf3 O-O 9. Be2 b6 10. Qc2 Bb7 11. O-O Qc7 12. Rfd1 Rfe8 13. Ne4 Nxe4 14. Qxe4
c5 15. Qh4 Nf6 16. Qh3 Rad8 17. dxc5 Qxc5 18. Be3 Qc7 19. Rac1 Bc8 20. Rxd8
Rxd8 21. b3 e5 22. Qg3 Bd6 23. Qh4 Bf5 24. Bg5 Be7 25. Qg3 Ne4 26. Qh4 Nxg5 27.
Nxg5 h6 0-1

[Event "XV C.to Italiano U20"]
[Site "Fiuggi ITA"]
[Date "2007.07.24"]
[Round "7"]
[White "Messina, Salvatore"]
[Black "Piscitelli, Vito"]
[Result "1/2-1/2"]
[WhiteElo "1374"]
[BlackElo "1918"]
[PlyCount "92"]
[EventDate "2007.07.18"]

1. d4 Nf6 2. c4 e6 3. Nc3 c5 4. e3 b6 5. Nf3 Bb7 6. Be2 Be7 7. Bd2 O-O 8. O-O
d6 9. a4 Nc6 10. Qb3 Rc8 11. Nb5 a6 12. Na3 Ne4 13. Be1 Qc7 14. Bd3 f5 15. d5
Nd8 16. dxe6 Nxe6 17. a5 bxa5 18. Bxa5 Qc6 19. Qb6 Bf6 20. Qxc6 Bxc6 21. Rab1
Rb8 22. Rfd1 Rxb2 23. Rxb2 Bxb2 24. Nc2 Bf6 25. Bxe4 Bxe4 26. Rxd6 Bxc2 27.
Rxe6 Rb8 28. h3 Rb1+ 29. Kh2 Ra1 30. Rxa6 Bc3 31. Ra8+ Kf7 32. Ra7+ Kg6 33. Bb6
Rxa7 34. Bxa7 Bb4 35. Ne5+ Kf6 36. Nd7+ Ke6 37. Nxc5+ Bxc5 38. Bxc5 Bd3 39. Bd4
Bxc4 40. Bxg7 Kf7 41. Bd4 Bd5 42. g4 Kg6 43. f4 Be4 44. gxf5+ Kxf5 45. Kg3 h5
46. Kh4 Bd3 1/2-1/2

[Event "XV C.to Italiano U20"]
[Site "Fiuggi ITA"]
[Date "2007.07.24"]
[Round "7"]
[White "Rombaldoni, Denis"]
[Black "Dvirnyy, Danyyil"]
[Result "1/2-1/2"]
[WhiteElo "2383"]
[BlackElo "2365"]
[PlyCount "225"]
[EventDate "2007.07.18"]

1. d4 Nf6 2. c4 g6 3. Nc3 Bg7 4. e4 d6 5. Bd3 O-O 6. Nge2 e5 7. d5 c6 8. O-O
Nbd7 9. a3 Nh5 10. Be3 cxd5 11. cxd5 a6 12. Rc1 f5 13. exf5 gxf5 14. Ng3 Nxg3
15. fxg3 e4 16. Be2 Ne5 17. Qb3 b5 18. Na2 Bd7 19. Nb4 Nc4 20. Nc6 Bxc6 21.
dxc6 d5 22. Rfd1 Nxe3 23. Qxe3 d4 24. Qb3+ Kh8 25. c7 Qd7 26. Bh5 Rac8 27. Qc2
Be5 28. Qc5 Qxc7 29. Qxf8+ Rxf8 30. Rxc7 Bxc7 31. Rc1 Be5 32. Rc5 Bg7 33. Kf2
d3 34. Ke3 Bh6+ 35. Kf2 Bd2 36. Rc6 e3+ 37. Kf1 Re8 38. Be2 dxe2+ 39. Kxe2 Rd8
40. Rxa6 Bc1 41. Ra5 Rd2+ 42. Kxe3 Rxg2+ 43. Kd4 Rxb2 44. Ke5 Bh6 45. Kxf5 Bf8
46. g4 Rb3 47. a4 b4 48. Ra8 Kg8 49. a5 Rh3 50. a6 Rxh2 51. Ke6 Kg7 52. Ra7+
Kg6 53. Ra8 Bc5 54. Kd5 Bg1 55. Rg8+ Kf7 56. Rb8 Ra2 57. Rxb4 Rxa6 58. Ke4 Rf6
59. Rb5 Kg6 60. Rf5 Ra6 61. Kf3 Bd4 62. Rd5 Bf6 63. Rb5 Ra4 64. Rb6 Ra5 65. Rb1
h6 66. Rh1 Ra3+ 67. Kg2 Be5 68. Rh3 Ra4 69. Kh1 Rxg4 70. Rxh6+ Kf5 71. Rh5+ Ke4
72. Rh3 Bf4 73. Ra3 Rg8 74. Rb3 Be3 75. Rb2 Kf3 76. Rg2 Rb8 77. Rg3+ Kf4 78.
Rg7 Bd4 79. Rg2 Be3 80. Rg7 Bd4 81. Rg2 Ra8 82. Ra2 Rg8 83. Rg2 Rf8 84. Rh2 Be3
85. Rh4+ Kg3 86. Rh3+ Kf2 87. Rh2+ Kf1 88. Rg2 Bf2 89. Rh2 Rg8 90. Rg2 Bg3 91.
Rg1+ Kf2 92. Rf1+ Ke2 93. Rf7 Bf2 94. Kh2 Rg3 95. Re7+ Kf1 96. Rb7 Rg4 97. Rb1+
Ke2 98. Rb3 Rc4 99. Rb7 Rf4 100. Kg2 Rg4+ 101. Kh2 Rg8 102. Kh3 Rg3+ 103. Kh2
Re3 104. Kg2 Be1 105. Rb2+ Bd2 106. Rb8 Re7 107. Rg8 Rf7 108. Kg3 Be3 109. Kg4
Rf4+ 110. Kh5 Kf3 111. Kg6 Rg4+ 112. Kf7 Rxg8 113. Kxg8 1/2-1/2

[Event "XV C.to Italiano U20"]
[Site "Fiuggi ITA"]
[Date "2007.07.24"]
[Round "7"]
[White "Sellitti, Federico"]
[Black "Caprio, Guido"]
[Result "1/2-1/2"]
[WhiteElo "2171"]
[BlackElo "1961"]
[PlyCount "83"]
[EventDate "2007.07.18"]

1. e4 c5 2. Nf3 d6 3. d4 cxd4 4. Nxd4 Nf6 5. f3 g6 6. c4 Nc6 7. Be3 Bg7 8. Qd2
O-O 9. Nc3 Bd7 10. Be2 Nxd4 11. Bxd4 a5 12. O-O Bc6 13. Rad1 Nd7 14. Be3 a4 15.
Nd5 Re8 16. Bg5 Bxd5 17. cxd5 Qb6+ 18. Kh1 Bxb2 19. Be3 Nc5 20. Bd3 a3 21. Bb1
Qa5 22. Qf2 Nd7 23. f4 b5 24. Bd4 Bxd4 25. Qxd4 b4 26. Rf3 Qc5 27. Qd3 Rac8 28.
h3 Qc3 29. Qb5 Qc7 30. Qxb4 Nc5 31. Rxa3 Rb8 32. Qd4 e5 33. dxe6 Nxe6 34. Qe3
d5 35. e5 d4 36. Qf3 Rb2 37. Rb3 Rxb3 38. axb3 Qc3 39. Rf1 Nc5 40. Qxc3 dxc3
41. Rc1 Ne6 42. Rxc3 1/2-1/2

[Event "XV C.to Italiano U20"]
[Site "Fiuggi ITA"]
[Date "2007.07.24"]
[Round "7"]
[White "Stella, Andrea"]
[Black "Romano, Zeno"]
[Result "1-0"]
[WhiteElo "2132"]
[BlackElo "1866"]
[PlyCount "49"]
[EventDate "2007.07.18"]

1. e4 c5 2. Nf3 d6 3. d4 cxd4 4. Nxd4 Nf6 5. Nc3 g6 6. Be3 Bg7 7. f3 O-O 8. Qd2
Nc6 9. O-O-O Bd7 10. g4 Qa5 11. Kb1 a6 12. h4 Nxd4 13. Bxd4 b5 14. Nd5 b4 15.
Nxe7+ Kh8 16. Nd5 Nxd5 17. Bxg7+ Kxg7 18. Qxd5 Qa4 19. Bc4 Bb5 20. Bb3 Qa5 21.
h5 Qb6 22. hxg6 hxg6 23. Qg5 Qc7 24. f4 Be8 25. Qh6+ 1-0

[Event "XV C.to Italiano U20"]
[Site "Fiuggi ITA"]
[Date "2007.07.25"]
[Round "8"]
[White "Albertini, Luca"]
[Black "Gorgoglione, Enrico"]
[Result "0-1"]
[WhiteElo "1697"]
[BlackElo "1748"]
[PlyCount "130"]
[EventDate "2007.07.18"]

1. d4 Nf6 2. c4 e6 3. Nc3 Bb4 4. Bd2 d5 5. e3 c6 6. Nf3 Nbd7 7. c5 Ba5 8. a3
Bc7 9. Be2 O-O 10. O-O e5 11. b4 e4 12. Ne1 Ne8 13. b5 f5 14. a4 Qh4 15. g3 Qh3
16. f4 exf3 17. Rxf3 Ndf6 18. Bf1 Qh5 19. Rf2 Qg6 20. Bh3 Ne4 21. Nxe4 fxe4 22.
Rxf8+ Kxf8 23. Bxc8 Rxc8 24. Ng2 Nf6 25. Qf1 Kg8 26. bxc6 bxc6 27. Qa6 Qe8 28.
Qxa7 Ng4 29. Qa6 Rb8 30. Qe2 Qh5 31. Nh4 Rb2 32. Rd1 Qg5 33. Rf1 Nxh2 34. Qxh2
Bxg3 35. Qg2 Bxh4 36. Qxg5 Bxg5 37. Rd1 Rxd2 38. Re1 Ra2 39. Kf1 Rxa4 40. Re2
Kf7 41. Kf2 Ra3 42. Kg3 Rxe3+ 43. Rxe3 Bxe3 44. Kg4 Kg6 45. Kg3 Kg5 46. Kg2 Kg4
47. Kf1 Kf3 48. Ke1 Bxd4 49. Kf1 Bxc5 50. Ke1 d4 51. Kf1 Bd6 52. Ke1 c5 53. Kf1
c4 54. Ke1 Kg2 55. Kd2 Bg3 56. Kd1 Kf2 57. Kd2 e3+ 58. Kd1 e2+ 59. Kc2 e1=Q 60.
Kb2 Qa5 61. Kc2 Qa2+ 62. Kd1 h5 63. Kc1 h4 64. Kd1 h3 65. Kc1 h2 0-1